000 00607nam a2200205 b 4500
001 bimo0001854072
003 OSt
005 20140825213008.0
008 030526s2003 sp | ||| ||spa
020 _a84-7879-773-4
040 _cBMC
082 _a346.016646
100 1 _96557
_aLópez-Muñiz Goñi, Miguel
245 1 3 _aEl procedimiento contencioso de separación y divorcio
_b: guía práctica y jurisprudencia
_cMiguel López-Muñiz Goñi
250 _a7ª ed
260 _aMadrid
_bColex
_c2003
300 _a598 p.
_c24 cm
650 2 4 _915970
_aJuicios matrimoniales
_zEspaña
942 _2ddc
_cBK
999 _c8297
_d8297